Quick Pick: Clichés with Body Parts Quiz Stats

Quiz Updated Sep 30, 2016

Challenge
Share
Tweet
Embed
Score 0/10 Timer 01:00
11 Plays Today
% Correct
Leg
97.1%
Hip
95.7%
Foot
94.9%
Skeleton
94.8%
Throat
94.7%
Hand
94.6%
Tongue
94.3%
Lip
94.2%
Finger
92.8%
Back
92.7%

Today's Daily Dose

Missing Word
1971 Movies A-Z

Word Ladder
Complete Tour

Quick Pick
Logo Colors

On This Day
January 19th

You're not logged in!

Compare scores with friends on all Sporcle quizzes.
Sign Up with Email
OR
Log In

You Might Also Like...

Show Comments

Extras

Top Quizzes Today


Score Distribution

Your Account Isn't Verified!

In order to create a playlist on Sporcle, you need to verify the email address you used during registration. Go to your Sporcle Settings to finish the process.